| 000 | 00579nam a22001937a 4500 | ||
|---|---|---|---|
| 005 | 20250421121451.0 | ||
| 008 | 250222b |||||||| |||| 00| 0 eng d | ||
| 020 | _a9789355428929 | ||
| 041 | _aEnglish | ||
| 082 |
_a005.726 KOL _b33622 |
||
| 100 | _aKolokolov Alex, Maxim Zelensky | ||
| 245 |
_aData Visualization With Microsoft Power BI _bHow to Design Savvy Dashboards |
||
| 250 | _a1st | ||
| 260 |
_aUSA _bO'Reilly Books _c2024 |
||
| 300 | _a23. cm 397. Pages | ||
| 365 |
_aRs _b2500 |
||
| 650 | _aMicrosoft Power, Business intelligence--Computer programs. | ||
| 942 | _cBK | ||
| 999 |
_c43328 _d43328 |
||